000 00612nam a2200181Ia 4500
008 090124s9999 xx 000 0 und d
082 _b4572
_a403
100 _aकडेगांवकर वासुदेवशास्त्री
245 _a रोगनिदान
250 _a1
260 _c1931
300 _a112
600 _aकडेगांवकर वासुदेवशास्त्री
630 _a रोगनिदान
700 _aकडेगांवकर वासुदेवशास्त्री
730 _a रोगनिदान
942 _cBOOK
999 _c118513
_d118513